Quizzes
Events
Quiz Creation
Community
Videos
Private Events
Remove Ads
Sign In
Join for FREE
Feedback
Dark Mode
Quiz Categories
Sports
Geography
Music
Movies
Television
Just For Fun
Miscellaneous
History
Literature
Language
Science
Gaming
Entertainment
Religion
Holiday
For Kids
Quiz Lab
Recent
Popular Today
Quiz Kudos Today
Editor Picks
Curator Picks
Quizzes by...
Day
Popularity
Type
Ratings
Length
Year
Community
Subscriptions
Recent Discussions
Orange Saloon
Badges
Playlists
Quests
Create
Leaderboards
Showdown
Live 5
Trivia Bingo
Activity
Puzzle Library
Sporcle Events
Private Events
Virtual Trivia
Globe League
Become a Host
Pub Owners
SporcleCon
Opinionation
Our Games
Videos
Blog
Mobile Apps
Partnerships
Remove Ads and Go Orange
Feedback
Sports
Athletes
MLB
NBA
NHL
NFL
Soccer
Sports Teams
WWE
NCAA
Football
Premier League
Basketball
Baseball
Hockey
Golf
Tennis
Cricket
Rugby
Auto Racing
Olympics
World Cup
Sports
Athletes
MLB
NBA
NHL
NFL
Soccer
Sports Teams
WWE
NCAA
Football
Premier League
Basketball
Baseball
Hockey
Golf
Tennis
Cricket
Rugby
Auto Racing
Olympics
World Cup
Random Quiz
Search Sporcle
×
Quiz Lab
Quiz Lab
Sports
Superstar
Type in answers that appear in a list
Type in answers that appear in a list
Classic
Best Score? Go Orange.
Everyone in Summerslams 04-09 Stats
Can you name the Everyone in Summerslams 04-09?
By
dave_batista
20m
128 Questions
300 Plays
300 Plays
300 Plays
Comments
Comments
Give Quiz Kudos
Give Quiz Kudos
-
- Ratings
hide this ad
Replay
Link that replays current quiz
Next Quiz
Link to next quiz in quiz playlist
You Got
0%
They Got
Avg Score
78%
Avg Friend Score
Upgrade to see
Score Distribution
Jump to the score distribution portion of the page
Score
0/128
Timer
20:00
0
Plays Today
Summerslam
Superstar
% Correct
Summerslam 2004
Triple H
97.7%
Summerslam 2006
Triple H
97.7%
Summerslam 2007
Triple H
97.7%
Summerslam 2008
Triple H
97.7%
Summerslam 2009
Triple H
97.7%
Summerslam 2004
John Cena
96.7%
Summerslam 2004
Randy Orton
96.7%
Summerslam 2005
Randy Orton
96.7%
Summerslam 2005
John Cena
96.7%
Summerslam 2006
Randy Orton
96.7%
Summerslam 2006
John Cena
96.7%
Summerslam 2007
John Cena
96.7%
Summerslam 2007
Randy Orton
96.7%
Summerslam 2008
John Cena
96.7%
Summerslam 2009
Randy Orton
96.7%
Summerslam 2009
John Cena
96.7%
Summerslam 2004
Undertaker
96.3%
Summerslam 2005
Undertaker
96.3%
Summerslam 2008
Undertaker
96.3%
Summerslam 2005
Shawn Michaels
96%
Summerslam 2006
Shawn Michaels
96%
Summerslam 2009
Shawn Michaels
96%
Summerslam 2009
Kane
95.7%
Summerslam 2004
Batista
95%
Summerslam 2005
Batista
95%
Summerslam 2006
Batista
95%
Summerslam 2007
Batista
95%
Summerslam 2008
Batista
95%
Summerslam 2004
Kane
94.3%
Summerslam 2007
Kane
94.3%
Summerslam 2003
Edge
94%
Summerslam 2005
Edge
94%
Summerslam 2006
Edge
94%
Summerslam 2008
Edge
94%
Summerslam 2004
Matt Hardy
93%
Summerslam 2004
Chris Jericho
93%
Summerslam 2005
Matt Hardy
93%
Summerslam 2005
Chris Jericho
93%
Summerslam 2008
Jeff Hardy
93%
Summerslam 2008
Matt Hardy
93%
Summerslam 2009
Chris Jericho
93%
Summerslam 2009
Jeff Hardy
93%
Summerslam 2004
Rey Mysterio
92.7%
Summerslam
Superstar
% Correct
Summerslam 2004
Rey Mysterio
92.7%
Summerslam 2005
Rey Mysterio
92.7%
Summerslam 2006
Rey Mysterio
92.7%
Summerslam 2007
Rey Mysterio
92.7%
Summerslam 2009
Rey Mysterio
92.7%
Summerslam 2004
Chris Benoit
91%
Summerslam 2005
Chris Benoit
91%
Summerslam 2006
Chavo Guerrero
90.3%
Summerslam 2007
Chavo Guerrero
90.3%
Summerslam 2004
Kurt Angle
90%
Summerslam 2005
Kurt Angle
90%
Summerslam 2006
Big Show
90%
Summerslam 2009
Big Show
90%
Summerslam 2004
Eddie Guerrero
89.3%
Summerslam 2005
Eddie Guerrero
89.3%
Summerslam 2007
CM Punk
89%
Summerslam 2008
CM Punk
89%
Summerslam 2009
CM Punk
89%
Summerslam 2004
Booker T
87.7%
Summerslam 2006
King Booker
87.7%
Summerslam 2007
King Booker
87.7%
Summerslam 2004
JBL
87%
Summerslam 2005
JBL
87%
Summerslam 2008
JBL
87%
Summerslam 2009
Christian
87%
Summerslam 2005
Hulk Hogan
85.7%
Summerslam 2006
Hulk Hogan
85.7%
Summerslam 2007
John Morrison
81.7%
Summerslam 2008
MVP
79.3%
Summerslam 2009
MVP
79.3%
Summerslam 2004
Spike Dudley
79%
Summerslam 2004
Bubba Ray Dudley
78.3%
Summerslam 2004
D-Von Dudley
78%
Summerslam 2007
Great Khali
77.3%
Summerslam 2008
Great Khali
77.3%
Summerslam 2009
Great Khali
77.3%
Summerslam 2006
Ric Flair
77%
Summerslam 2009
Cody Rhodes
76%
Summerslam 2006
Shane McMahon
75.3%
Summerslam 2006
Vince McMahon
75%
Summerslam 2009
Ted Dibiase
74.3%
Summerslam 2007
Umaga
73.3%
Summerslam 2009
William Regal
72.3%
Summerslam
Superstar
% Correct
Summerslam 2008
Mark Henry
72%
Summerslam 2004
Michelle McCool
70%
Summerslam 2007
Mickie James
69.3%
Summerslam 2008
Kofi Kingston
69.3%
Summerslam 2008
Mickie James
69.3%
Summerslam 2004
Eugene
69%
Summerslam 2005
Eugene
69%
Summerslam 2006
Mick Foley
68.7%
Summerslam 2007
Carlito
68.7%
Summerslam 2007
Beth Phoenix
66.3%
Summerslam 2008
Beth Phoenix
66.3%
Summerslam 2007
Mr Kennedy
64.7%
Summerslam 2004
Billy Kidman
64%
Summerslam 2009
Jack Swagger
63.3%
Summerslam 2007
Finlay
62.7%
Summerslam 2007
Melina
62%
Summerslam 2007
Michelle McCool
60.3%
Summerslam 2005
Orlando Jordan
59.7%
Summerslam 2008
Santino Marella
59.7%
Summerslam 2004
Molly Holly
58.7%
Summerslam 2006
Sabu
57.3%
Summerslam 2004
Victoria
56.7%
Summerslam 2007
Victoria
56.7%
Summerslam 2009
Dolph Ziggler
56.3%
Summerslam 2007
Torrie Wilson
54%
Summerslam 2009
JTG
52%
Summerslam 2007
Layla
50.7%
Summerslam 2009
Shad
50.3%
Summerslam 2004
Gail Kim
48.7%
Summerslam 2004
Maria Kanellis
48.7%
Summerslam 2007
Maria Kanellis
48.7%
Summerslam 2007
Kelly Kelly
48%
Summerslam 2004
Christy Hemme
45.3%
Summerslam 2004
Stacy Keibler
44.7%
Summerslam 2004
Jazz
39.7%
Summerslam 2007
Jillian Hall
39.3%
Summerslam 2004
Joy Giovanni
34.3%
Summerslam 2004
Nidia
25.3%
Summerslam 2004
Amy Webber
25%
Summerslam 2007
Brooke Adams
23.7%
Summerslam 2004
Tracie Wright
13.7%
Summerslam 2007
Kristal
13.7%
Quiz Playlist
Details
Report
Send in Message
Add To Playlist
Classic:
Type in answers that appear in a list
Last Updated: Feb 16, 2017
Quiz Scoreboard
CHALLENGE
Sign Up to Join the Scoreboard
Show All
Scores
Hide
Comments
May contain spoilers
Recently Published
Popular People in 1961
by mucciniale
History
6m
1-10 Letter E Words III
by El_Dandy
Language
2m
One Thing in Common: World Cities II
by knightlancer
Geography
7m
More to Explore
Quiz From the Vault
Featured Blog Post
Where Did the Easter Bunny Come From?
hide this ad
You Might Also Like...
Tags
Everyone
Summerslam
Superstar
Today's Top Quizzes in Sports
Browse Sports
hide this ad
Today's Top Quizzes in Superstar
Browse Superstar
Top Contributed Quizzes in Sports
1
Les meilleurs buteurs des matchs entre le PSG et l’OM
2
Les entraîneurs de l'OM et du PSG au 21e siècle
3
2022 World Cup Stars
4
FIFA Club World Cup Champions
5
Name the Premier League winners with different clubs
6
La finale Lions - Afrique du Sud 2021
7
Criteria MLB: Left Handed Sluggers
8
Players with Multiple 50 Home Run Seasons
9
MLB Players with Two .350 Batting Average Seasons
10
MLB Hall of Famer by Rings
Explore More
Trending Topics
Marvel
Kpop
Anime
Harry Potter
Disney
Crossword
NBA
Song
Puzzle
The Office
WWE
NFL
Soccer
Pokémon
Country
hide this ad
More By:
dave_batista
Quiz
Plays
Rating
Category
Featured
Created
Everyone in Summerslams 88-95
647
3.67
Sports
Apr 5, 2010
Everyone in Summerslams 96-03
369
5.00
Sports
Apr 5, 2010
Everyone in Summerslams 04-09
300
Sports
Apr 5, 2010
Everyone involved in Survivor S 87-90
52
Sports
Apr 6, 2010
Everyone in S Series 97-01
45
Sports
Apr 6, 2010
Go to Creator's Profile
Score Distribution
Quiz Creator Spotlight
dave_batista
Follow
Send a Message
Quizzes Created
-
Created Quiz Play Count
-
More By This Creator
Popular Quizzes Today
1
Find the US States - No Outlines Minefield
2
The Countries of the World
3
Find the Countries of Europe - No Outlines Minefield
4
Popular People in 1961
5
1-10 Letter E Words III
6
Find the US States
7
One Thing in Common: World Cities II
8
US States
More Sports Quizzes
USMNT's 100 Cap Club
Quiz Lab
Trending Quizzes
Risky Map Clicking: Least Populous States A-Z
1-10 Letter F Words
1-10 Letter G Words
One Thing in Common: United Kingdom
Risky Map Clicking: Next State Alphabetically
Recently Updated
Leaping Animals
pecheneg
Reality TV Shows (A-Z)
bhenderson79
Rickey Henderson's Hall of Fame Teammates
pecheneg
Champions League XIs: Arsenal
pecheneg
Quick Pick: Celebrities in WWE's Hall of Fame
aduchscher
A-Z Keypad Blitz II
pecheneg
Multiple Oscar Actors
pecheneg
Mystery Phrase Blitz: Oscar 'Best Actors'
pecheneg
F. Scott Fitzgerald Novels
LTH
Pick 3 Villains
ddd62291
Trending Topics
Anime
Marvel
Harry Potter
Crossword
NBA
Disney
Kpop
Puzzle
The Office
Song
Soccer
WWE
NFL
Country
Pokémon
Your Account Isn't Verified!
In order to create a playlist on Sporcle, you need to verify the email address you used during registration. Go to your
Sporcle Settings
to finish the process.
Report this User
Report this user for behavior that violates our
Community Guidelines
.
Details:
Send Report
Go to the Sporcle.com Mobile Site →
Comments